[Event "Posadas Misionera op"]
[Site "Posadas"]
[Date "2022.08.13"]
[Round "2"]
[White "Alvez, Matias"]
[Black "Soto, Brian"]
[Result "0-1"]
[WhiteElo "1411"]
[BlackElo "1679"]
[PlyCount "80"]
[EventDate "2022.08.13"]
[EventType "swiss"]
[EventRounds "6"]
[EventCountry "ARG"]
[SourceTitle "EXT 2023"]
[Source "ChessBase"]
[SourceDate "2022.10.05"]
[SourceVersion "1"]
[SourceVersionDate "2022.10.05"]
[SourceQuality "1"]

1. d4 d5 2. c4 dxc4 3. Nc3 a6 4. e3 e6 5. Qc2 Nf6 6. Nf3 c5 7. Bxc4 b5 8. Bd3 Bb7 9. Be2 Nbd7 10. 0-0 Be7 11. a3 0-0 12. b3 Qc7 13. Bb2 Rfd8 14. Ne5 Nxe5 15. dxe5 Qxe5 16. Nd1 Qg5 17. f3 Bd6 18. Rf2 e5 19. e4 Qg6 20. Bd3 Nh5 21. g3 Nf4 22. Bf1 Ne6 23. Ne3 Nd4 24. Bxd4 cxd4 25. Nf5 Rac8 26. Qd2 Bf8 27. Rb1 Bc6 28. a4 Bd7 29. axb5 axb5 30. g4 Bxf5 31. exf5 Qc6 32. Bg2 d3 33. f4 e4 34. Rff1 Qc5+ 35. Kh1 e3 36. Qe1 Re8 37. Rf3 Qc2 38. Rh3 Qf2 39. Qxf2 exf2 40. Rxd3 Re1+ 0-1